<?xml version="1.0" encoding="UTF-8"?>
<record
    xmlns:xsi="http://www.w3.org/2001/XMLSchema-instance"
    xsi:schemaLocation="http://www.loc.gov/MARC21/slim http://www.loc.gov/standards/marcxml/schema/MARC21slim.xsd"
    xmlns="http://www.loc.gov/MARC21/slim">

  <leader>00807nam a22001933a 4500</leader>
  <datafield tag="999" ind1=" " ind2=" ">
    <subfield code="c">6606</subfield>
    <subfield code="d">6606</subfield>
  </datafield>
  <controlfield tag="001">000024401757</controlfield>
  <controlfield tag="003">OSt</controlfield>
  <controlfield tag="005">20190117165054.0</controlfield>
  <controlfield tag="008">001016s1958    onca          000 0 eng  </controlfield>
  <datafield tag="040" ind1=" " ind2=" ">
    <subfield code="c">DLC</subfield>
  </datafield>
  <datafield tag="082" ind1=" " ind2=" ">
    <subfield code="a">795</subfield>
    <subfield code="b">M838H</subfield>
  </datafield>
  <datafield tag="245" ind1="0" ind2="0">
    <subfield code="a">Hoyle's rules of games :</subfield>
    <subfield code="b">descriptions of indoor games of skill and chance, with advice on skillful play : based on the foundations laid down by Edmond Hoyle, 1672-1769 /</subfield>
    <subfield code="c">edited by Albert H. Morehead and Geoffrey Mott-Smith.</subfield>
  </datafield>
  <datafield tag="250" ind1=" " ind2=" ">
    <subfield code="a">Newly rev. and expaned ed.</subfield>
  </datafield>
  <datafield tag="260" ind1=" " ind2=" ">
    <subfield code="a">Toronto :</subfield>
    <subfield code="b">New American Library of Canada,</subfield>
    <subfield code="c">c1958.</subfield>
  </datafield>
  <datafield tag="300" ind1=" " ind2=" ">
    <subfield code="a">viii, 246 p. :</subfield>
    <subfield code="b">ill. ;</subfield>
    <subfield code="c">19 cm.</subfield>
  </datafield>
  <datafield tag="490" ind1="0" ind2=" ">
    <subfield code="a">Signet key books ;</subfield>
    <subfield code="v">KP379</subfield>
  </datafield>
  <datafield tag="942" ind1=" " ind2=" ">
    <subfield code="2">ddc</subfield>
    <subfield code="c">BK</subfield>
  </datafield>
  <datafield tag="952" ind1=" " ind2=" ">
    <subfield code="0">0</subfield>
    <subfield code="1">0</subfield>
    <subfield code="2">ddc</subfield>
    <subfield code="4">0</subfield>
    <subfield code="7">0</subfield>
    <subfield code="8">NFIC</subfield>
    <subfield code="a">HMC</subfield>
    <subfield code="b">HMC</subfield>
    <subfield code="c">GEN</subfield>
    <subfield code="d">2019-01-17</subfield>
    <subfield code="g">500.00</subfield>
    <subfield code="l">0</subfield>
    <subfield code="o">795 M838H</subfield>
    <subfield code="p">007345</subfield>
    <subfield code="r">2019-01-17 00:00:00</subfield>
    <subfield code="w">2019-01-17</subfield>
    <subfield code="y">BK</subfield>
  </datafield>
</record>
